<The> German welfare state in the era Kohl

Guardado en:
Detalles Bibliográficos
Autor principal: Alber, Jens
Formato: Libro
Lenguaje:inglés
Publicado: San Domenico (FI) European University Institute 1999
Colección:EUI Working Paper EUF No. 99/9
Materias:
Etiquetas: Agregar Etiqueta
Sin Etiquetas, Sea el primero en etiquetar este registro!

MARC

LEADER 00000nam a2200000 4500
001 c131981
005 20221108123752.0
041 0 |a eng 
044 |a IT 
245 1 0 |a <The> German welfare state in the era Kohl  |c Jens Alber 
264 1 |a San Domenico (FI)  |b European University Institute  |c 1999 
300 |a 31 s. 
490 1 |a EUI Working Paper EUF  |v No. 99/9 
830 0 |a EUI Working Paper EUF  |v No. 99/9 
610 2 0 |a politika sociálna 
610 2 0 |a štát 
610 2 0 |a Nemecko 
610 2 0 |a služby sociálne 
610 2 0 |a služby starostlivosti sociálnej 
100 1 |a Alber, Jens